Calcasieu Lock: June 2014 final report and appendices : communication from the Assistant Secretary of the Army, Civil Works, The Department of Defense, transmitting the report on modifications to Calcasieu Lock, inland navigation project, pursuant to the River and Harbor Act of 24 July 1946.

Bibliographic Details
Corporate Author: United States. Office of the Assistant Secretary of the Army (Civil Works) (Author)
Format: Government Document eBook
Language:English
Published: Washington : U.S. Government Publishing Office, 2015.
Series:House document (United States. Congress. House) ; 114-66.
Subjects:
Online Access:https://purl.fdlp.gov/GPO/gpo64315

MARC

Tag First Indicator Second Indicator Subfields
LEADER 00000cam a2200000Ii 4500
001 in00003605421
005 20211120173814.0
006 m o d f
007 cr bn||||a||||
008 160106s2015 dcuab ob f000 0 eng d
035 |a (OCoLC)ocn933762014 
040 |a GPO  |b eng  |e rda  |e pn  |c GPO  |d OCLCO  |d COO  |d OCLCO  |d GPO  |d MvI  |d UtOrBLW 
043 |a n-us-la 
049 |a WWW 
074 |a 0996-F (online) 
086 0 |a Y 1.1/7:114-66 
110 1 |a United States.  |b Office of the Assistant Secretary of the Army (Civil Works),  |e author.  |0 http://id.loc.gov/authorities/names/n82208669 
245 1 0 |a Calcasieu Lock: June 2014 final report and appendices :  |b communication from the Assistant Secretary of the Army, Civil Works, The Department of Defense, transmitting the report on modifications to Calcasieu Lock, inland navigation project, pursuant to the River and Harbor Act of 24 July 1946. 
246 3 0 |a Report on modifications to Calcasieu Lock, inland navigation project, pursuant to the River and Harbor Act of 24 July 1946. 
264 1 |a Washington :  |b U.S. Government Publishing Office,  |c 2015. 
300 |a 1 online resource (xx, 1710 pages) :  |b illustrations, maps. 
336 |a text  |b txt  |2 rdacontent 
337 |a computer  |b c  |2 rdamedia 
338 |a online resource  |b cr  |2 rdacarrier 
490 1 |a House document / 114th Congress, 1st session ;  |v 114-66 
500 |a Title from title screen (viewed Jan. 5, 2016). 
500 |a "[R]eferred to the Committee on Transportation and Infrastructure." 
500 |a "October 6, 2015." 
504 |a Includes bibliographical references. 
650 0 |a Flood control channels  |z Louisiana  |z Mermentau River Watershed. 
650 0 |a Flood control channels  |z Gulf Intracoastal Waterway. 
650 0 |a Diversion structures (Hydraulic engineering)  |z Louisiana  |z Calcasieu Lock. 
650 0 |a Diversion structures (Hydraulic engineering)  |z Gulf Intracoastal Waterway. 
651 0 |a Calcasieu Locks (La.)  |x Management. 
651 0 |a Calcasieu Locks (La.)  |x Navigation. 
651 0 |a Mermentau River Watershed (La.)  |x Environmental conditions  |x Management. 
651 0 |a Gulf Intracoastal Waterway  |x Environmental conditions  |x Management. 
651 0 |a Gulf Intracoastal Waterway  |x Navigation. 
655 7 |a Legislative materials.  |2 lcgft  |0 http://id.loc.gov/authorities/genreForms/gf2011026362 
710 1 |a United States.  |b Congress.  |b House.  |b Committee on Transportation and Infrastructure,  |e issuing body.  |0 http://id.loc.gov/authorities/names/no95024546 
776 0 8 |i Print version:  |a United States. Office of the Assistant Secretary of the Army (Civil Works).  |t Calcasieu Lock: June 2014 final report and appendices  |w (OCoLC)933744835 
776 0 8 |i Microfiche version:  |a United States. Office of the Assistant Secretary of the Army (Civil Works).  |t Calcasieu Lock: June 2014 final report and appendices  |w (OCoLC)946880414 
830 0 |a House document (United States. Congress. House) ;  |v 114-66.  |0 http://id.loc.gov/authorities/names/n42012889 
856 4 0 |u https://purl.fdlp.gov/GPO/gpo64315  |t 0 
999 f f |s 8a1b8ab9-dce8-3b44-9fb8-90753f731407  |i 752e4b96-7047-3179-8a00-924a8779bbc2  |t 0 
952 f f |a Texas A&M University  |b College Station  |c Electronic Resources  |d Available Online  |t 0  |e Y 1.1/7:114-66  |h Superintendent of Documents classification 
998 f f |a Y 1.1/7:114-66  |t 0  |l Available Online